| 000 | 01411nam a22003377a 4500 | ||
|---|---|---|---|
| 001 | 0008989 | ||
| 003 | KOHA_MİRAKIL | ||
| 005 | 20260207001654.0 | ||
| 007 | ta | ||
| 008 | 091120b2008 tu a|||gr||||#||||1|tur | | ||
| 020 |
_a9752630960 _c9,425 |
||
| 040 |
_aTR-BiSEU _btur _cTR-BiSEU _erda |
||
| 041 | 0 | _atur | |
| 044 | _ctu | ||
| 050 |
_aPN6122 _b.C56 2008 |
||
| 100 | 1 | _aÇimen, Ali. | |
| 245 | 1 |
_aTarihi değiştiren konuşmalar/ _cAli Çimen ; Ali Çimen. |
|
| 264 | 1 |
_aİstanbul : _bTimaş Yayınları _c2008 |
|
| 300 |
_a288 sayfa : _bresimli |
||
| 336 |
_ametin _btxt _2rdacontent |
||
| 337 |
_aaracısız _bn _2rdamedia |
||
| 338 |
_acilt _bnc _2rdacarrier |
||
| 490 | 1 |
_aTimaş Yayınları ; _v1179. |
|
| 490 | 1 |
_aİnceleme-araştırma ; _v05. |
|
| 500 | _aKaynakça var. | ||
| 505 |
_aDünyanın önde gelen liderlerinin kimi zaman 'adalet' ve 'eşitlik' talep eden, kimi zaman 'teslimiyet' ve 'korkuyu' itiraf eden, zaman zaman ise 'tehdit' içeren konuşmalarından oluşan bu kitabı okuduğunuzda, kelimelerin eylemlere nasıl ilham verdiğine şahit olacak, bundan böyle 'söylenenlere' daha iyi kulak kabartacaksınız. _x _xSözün gücüne inananlara... _x _xKulaklarınızı dört açın. Duyduklarınız, göreceklerinizdir! _x |
||
| 650 | 0 |
_aSöylevler. _95623 |
|
| 830 | 1 |
_aTimaş Yayınları ; _v1179. _99767 |
|
| 830 | 1 |
_aİnceleme-araştırma ; _v05. _99295 |
|
| 942 |
_2lcc _cBK |
||
| 999 |
_c8961 _d8961 |
||